| 000 | 00884cam a2200217 4500 | ||
|---|---|---|---|
| 001 | ABS65193 | ||
| 008 | 020311n2002 000 0 eng u | ||
| 035 | _a(Sirsi) u117092 | ||
| 100 | _aTasso, K. | ||
| 245 | _aBold takes the gold | ||
| 260 | _c2002 | ||
| 490 |
_aEstates Gazette _v(0209) 2 March 2002, 204-205(2) |
||
| 520 | _aOffers advice for the publication of effective marketing material based on the differing entries for the Property Advertising Marketing and Design Awards (PAMADA). Includes information such as the effectiveness of certain strategies such as being creative and different from other companies and the importance of clear provision of information. | ||
| 590 | _aABS | ||
| 650 | _aMARKETING STRATEGY | ||
| 650 | _aPAMADA AWARDS | ||
| 650 | _aPROPERTY SECTOR | ||
| 650 | _aMARKETING INFORMATION | ||
| 690 |
_aProject management _96261 |
||
| 942 | _n0 | ||
| 999 |
_c69759 _d69759 |
||